KETTAMA Songs - Statistics

General Stats
  • This quiz has been taken 11 times
    10 since last reset
  • The average score is 8 of 98
Answer Stats
Answer % Correct
Yosemite
80%
Pretty Green Eyes
70%
It Gets Better
60%
Air Maxes
50%
Picanya 2400
40%
Sort it Out
40%
If U Want My Heart
30%
Purple Hearts
30%
Raw Cuts
30%
Archangel
20%
Fallen Angel
20%
Feeling Emotions
20%
Freq the technique
20%
Gotta Have It
20%
Gtown Euphoria
20%
Miracle Makers
20%
Temperature Rising
20%
1997
10%
2001
10%
All 4 nothing
10%
All 4 Nothing
10%
B O D Y
10%
Bury your feelings
10%
Eastside Avenue
10%
For What It's Worth
10%
Freq U all night
10%
Higher
10%
If u love me
10%
Lens Lens Lens
10%
Rok da House
10%
Samba Soccer 2001
10%
Shiver
10%
Skyline Summer 98 part 1
10%
Skyline Summer 98 part 2
10%
Strange World
10%
6am on circular road
0%
Air Maxes Kettama Mix
0%
Anniversary
0%
Anniversary
0%
Anniversary
0%
A place 4 u MNU
0%
As You Were
0%
Back 2 the way it was
0%
Bang the Box
0%
Blessings Remix
0%
Blitz Zuruck
0%
Bosozoku
0%
Bucklyn Bridge
0%
Butterfly effect
0%
Close Your Eyes
0%
Comeragh Sport
0%
Did I tell You
0%
Falling Down
0%
Feeling Emotions Ard house remix
0%
Fen Violet
0%
Five pound Spesh
0%
Found my Angel
0%
Gtown in Effekt
0%
Harajuku Hammer
0%
Heatwaves
0%
In the Garage
0%
its gunna get rougher
0%
Just Hold on
0%
Keep it Real
0%
Kilt
0%
Last Chance to Dance
0%
London Break
0%
Ludwig
0%
Majik (Shall not fade)
0%
Memphis 29
0%
Move Like Vibert
0%
Nature Boy
0%
never let go
0%
Overcast Kettama mix
0%
Playwithfayayamustgetburn
0%
Rocket Soul Kettama Remix
0%
Saint Laurent
0%
Samba Boys - Untitled A1
0%
Samba Boys - Untitled A2
0%
Samba Boys - Untitled A3
0%
Secrets Kettama Mix
0%
Silver Kettama Remix
0%
Ski Mask
0%
Slaap Lekker
0%
Smoke a sec
0%
Sound of the Police
0%
Staunch Kettama Remix
0%
Stay Still
0%
Sundaze
0%
Sungazing Remix
0%
The journey Gtown remix
0%
The Way You Feel
0%
This Break Sounds Better with You
0%
Visions of U
0%
Voice Withing Kettama remix
0%
We plant the roses
0%
With U forever
0%
Yosemite Wilkinson Remix
0%
No matching quizzes found
Score Distribution
Percent of People with Each Score
Percentile by Number Answered
Your Score History
You have not taken this quiz since the last reset